| 000 | 01417pam a2200313 a 4500 | ||
|---|---|---|---|
| 001 | 1562143 | ||
| 003 | NUST-PNEC | ||
| 005 | 20170116180727.0 | ||
| 008 | 921201s1993 nyua b 001 0 eng | ||
| 010 | _a 92044944 | ||
| 020 | _a0070316228 | ||
| 020 | _a0071133429 | ||
| 040 | _cPNEC | ||
| 050 | 0 | 0 |
_aQA76.9.A73 _bH87 1993 |
| 082 | 0 | 0 | _a004.35 HWA |
| 100 | 1 | _aHwang, Kai. | |
| 245 | 1 | 0 |
_aAdvanced computer architecture : parallelism, scalability, programmability / _cKai Hwang. |
| 260 |
_aNew York : _bMcGraw-Hill, _cc1993. |
||
| 300 |
_axxiv, 771 p. : _bill. ; _c24 cm. |
||
| 440 | 0 |
_aMcGraw-Hill computer science series. _pPNECComputer organization and architecture |
|
| 440 | 0 |
_aMcGraw-Hill series in electrical and computer engineering. _pPNECComputer engineering |
|
| 504 | _aIncludes bibliographical references (p. 717-738) and index. | ||
| 650 | 0 |
_aComputer architecture. _xComputer, MIS |
|
| 856 | 4 | 2 |
_3Publisher description _uhttp://www.loc.gov/catdir/description/mh022/92044944.html |
| 856 | 4 | 1 |
_3Table of contents _uhttp://www.amazon.com/Advanced-Computer-Architecture-Parallelism-Programmability/dp/0070316228/ref=sr_1_1?s=books&ie=UTF8&qid=1415358822&sr=1-1&keywords=0070316228 |
| 906 |
_a7 _bcbc _corignew _d1 _eocip _f19 _gy-gencatlg |
||
| 942 |
_2ddc _cBK |
||
| 999 |
_c61673 _d61673 |
||